| 000 | 00635nam a2200193 4500 | ||
|---|---|---|---|
| 008 | 060412s1990 cou eng | ||
| 020 |
_a0891093265 : _cPhp75.00 |
||
| 090 |
_aBV4844 _bSt6 |
||
| 100 | 1 | _aStokes, Penelope | |
| 245 | 1 | 0 |
_aSo what if you've failed? / _cPenelope J. Stokes, edited by Judith Couchman. |
| 260 |
_aColorado : _bNavPress, _cc1990. |
||
| 300 | _a91 p. | ||
| 490 | 1 | _aCrisispoints for women | |
| 650 | 4 |
_aBible _xStudy and teaching. |
|
| 650 | 4 | _aFailure (Christian theology). | |
| 650 | 4 |
_aWomen _xReligious life. |
|
| 700 | 1 | _aCouchman, Judith | |
| 951 |
_p13121 _oBV4844/St6 _j070613111607375 _d2000-12-21 _cGC |
||
| 999 |
_c27376 _d27376 |
||